000 00471nam a2200181Ia 4500
008 100920s9999 xx 000 0 und d
082 _b67286
_a--- 0
100 _aमंत्री रमेश.
245 _aमहानगर.
260 _b---
_c0
300 _a261
_bसाधी
365 _b40
520 _aकादंबरी.
630 _aमहानगर.
650 _aकादंबरी.
730 _aमहानगर.
942 _cBOOK
999 _c709771
_d709768